Solid state electronic devices (Record no. 170252)

000 -LEADER
fixed length control field 00383nam a2200133Ia 4500
008 - FIXED-LENGTH DATA ELEMENTS--GENERAL INFORMATION
fixed length control field 220217s9999||||xx |||||||||||||| ||und||
020 ## - INTERNATIONAL STANDARD BOOK NUMBER
International Standard Book Number 81-203-1840-4
082 ## - DEWEY DECIMAL CLASSIFICATION NUMBER
Classification number 621.381 5 STR
100 ## - MAIN ENTRY--PERSONAL NAME
Personal name Streetman, Ben, G Banerjee, Sanjay
9 (RLIN) 2133
245 #0 - TITLE STATEMENT
Title Solid state electronic devices
260 ## - PUBLICATION, DISTRIBUTION, ETC.
Place of publication, distribution, etc. Prentice hall of india
Name of publisher, distributor, etc. New Delhi
Date of publication, distribution, etc. 2001
300 ## - PHYSICAL DESCRIPTION
Other physical details 250
650 ## - SUBJECT ADDED ENTRY--TOPICAL TERM
Topical term or geographic name entry element CIRCUITRY
Holdings
Withdrawn status Lost status Damaged status Not for loan Collection code Home library Current library Shelving location Date acquired Full call number Barcode Date last seen Price effective from Koha item type
        Electronics and Communication Engineering Central Library Central Library Book Cart 02/18/2022 621.381 5 STR 5441 02/18/2022 02/18/2022 Books

Powered by Koha